000
00279nam a22001097a 4500
040
_c
SK
082
_a
343
100
_a
នាយកដ្ឋានជលផល
245
_a
អត្ថបទច្បាប់ជលផល
260
_a
Phnom Penh
_b
ជលផល
_c
1990
942
_c
KB
999
_c
9933
_d
9933